000 00320nam a2200121Ia 4500
008 240624s9999 xx 000 0 und d
041 _aeng
082 _a658.8342 MUK
100 _aMUKHERJEE SRABANTI
245 _aCONSUMER BEHAVIOUR
260 _c2012
_aNew Delhi
_bCengage Learning
300 _axxi, : 448 : p. : cm. ; 23
999 _c24237
_d24237